000 00293cam a22000977a 4500
008 180718b xxu||||| |||| 00| 0 eng d
082 _aK232x42
245 _aCivil service pay research unit
260 _aLondon
_bHer Majesty's Stationery Office
_c
500 _aContents: Library has 1964/65 and 1965/66
999 _c499830
_d499830